[Event "Oviedo op 8th"]
[Site "Oviedo"]
[Date "2022.07.20"]
[Round "5"]
[White "Pascual Arevalo, Ruben"]
[Black "Olivares Romero, Sara"]
[Result "1-0"]
[WhiteElo "2092"]
[BlackElo "1755"]
[PlyCount "69"]
[EventDate "2022.07.17"]
[EventType "swiss"]
[EventRounds "9"]
[EventCountry "ESP"]
[SourceTitle "CBM 209 Extra"]
[Source "ChessBase"]
[SourceDate "2022.09.30"]
[SourceVersion "1"]
[SourceVersionDate "2022.09.30"]
[SourceQuality "1"]

1. e4 c5 2. Nc3 Nc6 3. g3 g6 4. Bg2 Bg7 5. Nge2 e6 6. 0-0 Nge7 7. d3 0-0 8. Be3 Nd4 9. Qd2 Re8 10. Rae1 d6 11. f4 Rb8 12. Nd1 b6 13. c3 Nxe2+ 14. Rxe2 d5 15. e5 Bb7 16. Bf2 Qd7 17. a3 Ba6 18. g4 Qb5 19. Re3 Bb7 20. Rh3 Qd7 21. Ne3 Rf8 22. g5 d4 23. cxd4 cxd4 24. Nc4 Bxg2 25. Kxg2 Nf5 26. Qe2 Rbc8 27. Qg4 h5 28. gxh6 Nxh6 29. Qg5 Nf5 30. Nd6 Nxd6 31. Qh4 Rfe8 32. Qh7+ Kf8 33. Bh4 Rc2+ 34. Kg1 Qc6 35. Qxg7+ 1-0

[Event "Oviedo op 8th"]
[Site "Oviedo"]
[Date "2022.07.19"]
[Round "4"]
[White "Olivares Romero, Sara"]
[Black "Kondrashov, Ivan V"]
[Result "1-0"]
[WhiteElo "1755"]
[BlackElo "1425"]
[PlyCount "115"]
[EventDate "2022.07.17"]
[EventType "swiss"]
[EventRounds "9"]
[EventCountry "ESP"]
[SourceTitle "CBM 209 Extra"]
[Source "ChessBase"]
[SourceDate "2022.09.30"]
[SourceVersion "1"]
[SourceVersionDate "2022.09.30"]
[SourceQuality "1"]

1. e4 c6 2. d4 d5 3. e5 c5 4. c3 Nc6 5. Nf3 cxd4 6. cxd4 Bg4 7. Be2 e6 8. 0-0 Qb6 9. Be3 Qxb2 10. Nbd2 Qb6 11. Rb1 Qc7 12. Qa4 Nge7 13. Rfc1 Bxf3 14. Nxf3 a6 15. Bg5 Qc8 16. Rb6 h6 17. Be3 Qc7 18. Rcb1 Ra7 19. Bd2 Nc8 20. R6b2 Be7 21. Qd1 0-0 22. Bd3 Re8 23. Rc2 Bf8 24. Qe1 N8e7 25. Rbc1 Rc8 26. h3 Raa8 27. Rb1 Rab8 28. Qe2 Qd7 29. Rcc1 Qc7 30. Bc2 b5 31. Qd3 g6 32. h4 h5 33. Ng5 Nf5 34. Nf3 Bh6 35. Bxh6 Nxh6 36. Qd2 Kg7 37. g3 Rb7 38. Kg2 Na5 39. Qg5 Qe7 40. Qf4 Nc4 41. Rb3 Rbc7 42. Bd3 Nf5 43. Ng5 Rb7 44. f3 Nh6 45. g4 hxg4 46. fxg4 Rh8 47. Rf1 Nb6 48. Bb1 Rf8 49. Qg3 Nc4 50. Qf4 a5 51. Rbf3 b4 52. h5 Rbb8 53. Nh3 f5 54. exf6+ Rxf6 55. Qxb8 Ne3+ 56. Rxe3 Rxf1 57. Kxf1 Nxg4 58. Rg3 1-0

[Event "Sueca op 3rd"]
[Site "Sueca"]
[Date "2017.07.25"]
[Round "2"]
[White "Olivares Romero, Sara"]
[Black "Arias Igual, Alejandro"]
[Result "0-1"]
[WhiteElo "1890"]
[BlackElo "2232"]
[PlyCount "89"]
[EventDate "2017.07.24"]
[EventType "swiss"]
[EventRounds "8"]
[EventCountry "ESP"]
[SourceTitle "CBM 179 Extra"]
[Source "ChessBase"]
[SourceDate "2017.08.23"]
[SourceVersion "1"]
[SourceVersionDate "2017.08.23"]
[SourceQuality "1"]

1. e4 e6 2. d3 d5 3. Nd2 Nf6 4. Ngf3 Nc6 5. g3 e5 6. exd5 Nxd5 7. Bg2 Be7 8. 0-0 0-0 9. Re1 f6 10. c3 Kh8 11. Nf1 Nb6 12. Ne3 Be6 13. b3 Qd7 14. Qe2 f5 15. Nc2 Bg8 16. Bb2 Bd6 17. Rad1 a5 18. d4 e4 19. Nd2 Rae8 20. Qb5 Bf7 21. c4 Bh5 22. Rc1 Bb4 23. Nxb4 Nxb4 24. Qxd7 Nxd7 25. Ba3 c5 26. Bxb4 axb4 27. Bh3 cxd4 28. Nxe4 fxe4 29. Bxd7 Rd8 30. g4 Bg6 31. Bf5 Rxf5 32. gxf5 Bxf5 33. Rcd1 Bg4 34. Rd2 Bf3 35. a3 bxa3 36. Ra1 g5 37. Rxa3 Kg7 38. Ra7 Kf6 39. Rxb7 Ra8 40. h3 Ra1+ 41. Kh2 Rh1+ 42. Kg3 Rg1+ 43. Kh2 Rg2+ 44. Kh1 Rxf2+ 45. Kg1 0-1

[Event "ESP-ch U18"]
[Site "Salobrena"]
[Date "2015.07.29"]
[Round "5"]
[White "Olivares Romero, Sara"]
[Black "Barranco Mananet, Fernando"]
[Result "1-0"]
[WhiteElo "1954"]
[BlackElo "1598"]
[PlyCount "147"]
[EventDate "2015.07.27"]
[EventType "swiss"]
[EventRounds "9"]
[EventCountry "ESP"]
[SourceTitle "EXT 2016"]
[Source "ChessBase"]
[SourceDate "2015.10.08"]
[SourceVersion "1"]
[SourceVersionDate "2015.10.08"]
[SourceQuality "1"]

1. e4 c5 2. c3 Nf6 3. e5 Nd5 4. d4 cxd4 5. Nf3 Nc6 6. cxd4 d6 7. Bc4 Nb6 8. Bb5 dxe5 9. Nxe5 Bd7 10. Nxd7 Qxd7 11. Be3 g6 12. Nc3 Bg7 13. 0-0 e6 14. Qf3 0-0 15. Rfd1 a6 16. Bxc6 Qxc6 17. Qxc6 bxc6 18. Rac1 f5 19. Ne2 Rac8 20. Nf4 Kf7 21. Nd3 Nd5 22. Rc5 g5 23. Rdc1 f4 24. Bd2 Bxd4 25. Rxc6 Rxc6 26. Rxc6 Rb8 27. Rxa6 Bxb2 28. Kf1 Bd4 29. Ke2 Rb7 30. Kf3 Ra7 31. Rxa7+ Bxa7 32. g3 fxg3 33. hxg3 Kg6 34. Ke4 Nf6+ 35. Kf3 Nd5 36. Be3 Nxe3 37. fxe3 h5 38. a4 h4 39. g4 Kf7 40. Nf2 Bb8 41. a5 e5 42. a6 Kg6 43. Nd3 Kf6 44. Ke4 Ke6 45. Nxe5 Kd6 46. Nf7+ Kc6 47. Nxg5 Kb6 48. Kd5 Kxa6 49. e4 Kb6 50. e5 Kc7 51. Ke6 Kd8 52. Kf6 Ke8 53. Nh3 Kf8 54. g5 Bc7 55. e6 Bd8+ 56. Kf5 Kg7 57. Ke5 Be7 58. Kd5 Kf8 59. Kc6 Ke8 60. g6 Bf8 61. Nf4 Bh6 62. Nh5 h3 63. g7 Bxg7 64. Nxg7+ Ke7 65. Kd5 Kf6 66. Nh5+ Ke7 67. Ke5 h2 68. Ng3 Ke8 69. Nh1 Ke7 70. Kd5 Ke8 71. Kd6 Kd8 72. e7+ Ke8 73. Ng3 Kf7 74. Kd7 1-0